| 000 | 01328nam a2200217 a 4500 | ||
|---|---|---|---|
| 008 | 190823s2016 ||||||||||||||||| || u | ||
| 020 | _a9789814720175 | ||
| 050 | _aTA 357 Whi | ||
| 100 | _aWhite, Frank M | ||
| 245 | 1 | 0 |
_aFluid mechanics. (8th edition) _cBy Frank M. White ; Adapted by Professor Rhim Yoon Chul |
| 250 | _a8th edition | ||
| 260 |
_aNew York _bMcGraw-Hill Education _c2016 |
||
| 300 | _axiv, 773 pages : illustrations | ||
| 650 | _aFLUID MECHANICS | ||
| 700 | _aChul, Rhim Yoon | ||
| 995 |
_aMAIN LIBRARY OPEN ACCESS _D64.79 _e749807 _FCBU-MAIN LIBRARY (Kitwe) _jTA 357 Whi _M4 _UAVAILABLE _WAug 23, 2019 _y749807 _ZMain Library Open Access Collection |
||
| 995 |
_aMAIN LIBRARY OPEN ACCESS _D64.79 _e749805 _FCBU-MAIN LIBRARY (Kitwe) _jTA 357 Whi _M1 _UAVAILABLE _WAug 23, 2019 _y749805 _ZMain Library Open Access Collection |
||
| 995 |
_aMAIN LIBRARY OPEN ACCESS _D64.79 _e749809 _FCBU-MAIN LIBRARY (Kitwe) _jTA 357 Whi _M2 _UAVAILABLE _WAug 23, 2019 _y749809 _ZMain Library Open Access Collection |
||
| 995 |
_aMAIN LIBRARY OPEN ACCESS _D64.79 _e749808 _FCBU-MAIN LIBRARY (Kitwe) _jTA 357 Whi _M3 _UAVAILABLE _WAug 23, 2019 _y749808 _ZMain Library Open Access Collection |
||
| 995 |
_aMAIN LIBRARY OPEN ACCESS _D64.79 _e749806 _FCBU-MAIN LIBRARY (Kitwe) _jTA 357 Whi _M5 _UAVAILABLE _WAug 23, 2019 _y749806 _ZMain Library Open Access Collection |
||
| 999 |
_c63186 _d63186 |
||